Scrambled MLB Teams - Statistics

General Stats
  • This quiz has been taken 57 times
  • The average score is 10 of 15
Answer Stats
Hint Answer % Correct
Yakseen New York Yankees
96%
Brrwees Milwaukee Brewers
78%
Badcomakinds Arizona Diamondbacks
73%
Adspre San Diego Padres
73%
Redgods Los Angeles Dodgers
71%
Hellisip Philadelphia Phillies
71%
Snarerim Seattle Mariners
67%
Roseoil Baltimore Orioles
65%
Ranslim Miami Marlins
65%
Cladrains St. Louis Cardinals
65%
Larosy Kansas City Royals
61%
Asiandrug Cleveland Guardians
59%
Sickore Colorado Rockies
57%
Asbejuly Toronto Blue Jays
57%
Satanlion Washington Nationals
55%
No matching quizzes found
Score Distribution
Percent of People with Each Score
Percentile by Number Answered
Your Score History
You have not taken this quiz